Teorie her a optimální rozhodování
Na minha lista:
| Autor principal: | |
|---|---|
| Formato: | Livro |
| Idioma: | tcheco |
| Publicado em: |
Praha
Státní nakladatelství technické literatury
1974
|
| Colecção: | Matematický seminár
|
| Tags: |
Sem tags, seja o primeiro a adicionar uma tag!
|
MARC
| LEADER | 00000nam a2200000 4500 | ||
|---|---|---|---|
| 001 | c120719 | ||
| 005 | 20041019155218.1 | ||
| 041 | 0 | |a cze | |
| 044 | |a CZ | ||
| 245 | 1 | 0 | |a Teorie her a optimální rozhodování |c Miroslav Maňas |
| 264 | 1 | |a Praha |b Státní nakladatelství technické literatury |c 1974 | |
| 300 | |a 255 s. | ||
| 490 | 1 | |a Matematický seminár | |
| 830 | 0 | |a Matematický seminár | |
| 100 | 1 | |a Maňas, Miroslav | |